00648nam a2200205Ia 4500008004000000020001500040041000800055082001900063100001800082245003000100260006700130300001200197650001300209650000700222650001800229690001800247906001100265999001900276952014700295210210b2007 xxu||||| |||| 00| 0 eng d a8122420516 aeng a519.50574 ANNT aANNADURAI (B) aTextbook of biostatistics aNew DelhibNew Age International (P) Limited Publishersc2007 axxi,368 aTextbook aof abiostatistics aBiostatistics a062561 c117670d117670 00102ddc40708BTaALbALd2021-02-17eKnowledge World, Bangalore-18g495.00l0o519.50574 ANNTp062561r2021-02-17 00:00:00w2021-02-17yBK